Obchodná verejná súťaž po novele zákona o majetku obcí

Obchodná verejná súťaž je v podmienkach obce považovaná za jeden z najtransparentnejších a najvhodnejších spôsobov prevodu, ako aj prenájmu majetku obce. Spolu s priamym predajom a dobrovoľnou dražbou predstavuje jeden z troch trhových spôsobov prevodu majetku obce. V článku sa autor venuje zmenám,...

Ausführliche Beschreibung

Gespeichert in:
Bibliographische Detailangaben
1. Verfasser: Keller, Marek
Format: Buchkapitel
Sprache:Slowakisch
Schlagworte:
Tags: Tag hinzufügen
Keine Tags, Fügen Sie das erste Tag hinzu!

MARC

LEADER 00000naa a2200000 4500
001 0304591
005 20241014123031.1
041 0 |a slo 
044 |a SK 
245 1 0 |a Obchodná verejná súťaž po novele zákona o majetku obcí  |c Marek Keller 
520 |a Obchodná verejná súťaž je v podmienkach obce považovaná za jeden z najtransparentnejších a najvhodnejších spôsobov prevodu, ako aj prenájmu majetku obce. Spolu s priamym predajom a dobrovoľnou dražbou predstavuje jeden z troch trhových spôsobov prevodu majetku obce. V článku sa autor venuje zmenám, ktoré priniesla novela zákona o majetku obcí vo vzťahu k obchodnej verejnej súťaži. 
610 2 0 |a súťaž verejná 
610 2 0 |a majetok 
610 2 0 |a obce 
610 2 0 |a prevod majetku 
610 2 0 |a legislatíva 
610 2 0 |a novelizácia 
100 1 |a Keller, Marek